00625nam a22001937a 45000050016000000100014000160200026000300200023000560350013000790370013000920820008001051000018001132450118001312600039002492700043002883000029003315000050003607000021004102010072703373.0 aENG-97190 a9788187358398c795.00 a8187358394c795.00 aEN-80723 bDBAD/PUB a250 aLevine, Sarah aRebuilding Buddhism :bthe Theravada movement in twentieth century Nepal /cby Sarah Levine [and] David N Gellner aNew DelhibOrient Blackswan c2008 a1/24, Asaf Ali RoadbNew Delhie110002 axiii,377 p.c24 cm. (Hb) aIncludes bibliographical references and index aGellner, David N